CHRONOLOGY OF THE UNITED STATES (Registro nro. 16796)
[ vista simple ]
| 000 -LEADER | |
|---|---|
| fixed length control field | 00457nam a2200169 a 4500 |
| 001 - CONTROL NUMBER | |
| control field | 16796 |
| 005 - DATE AND TIME OF LATEST TRANSACTION | |
| control field | 20180713205825.0 |
| 008 - FIXED-LENGTH DATA ELEMENTS--GENERAL INFORMATION | |
| fixed length control field | 140415d 000 0 eng d |
| 041 ## - LANGUAGE CODE | |
| Language code of text/sound track or separate title | eng |
| 082 ## - DEWEY DECIMAL CLASSIFICATION NUMBER | |
| Classification number | 973 |
| Item number | CLE |
| 100 1# - MAIN ENTRY--PERSONAL NAME | |
| Personal name | CLEMENTS, JOHN |
| 245 10 - TITLE STATEMENT | |
| Title | CHRONOLOGY OF THE UNITED STATES |
| 250 ## - EDITION STATEMENT | |
| Edition statement | 1a ed. |
| 260 ## - PUBLICATION, DISTRIBUTION, ETC. | |
| Place of publication, distribution, etc. | [s.l.] : |
| Name of publisher, distributor, etc. | MC GRAW HILL BOOK COMPANY, |
| Date of publication, distribution, etc. | [s.f.] |
| 300 ## - PHYSICAL DESCRIPTION | |
| Extent | 247 |
| 650 14 - SUBJECT ADDED ENTRY--TOPICAL TERM | |
| Topical term or geographic name entry element | ESTADOS UNIDOS |
| General subdivision | HISTORIA |
| -- | CRONOLOGIA |
| Withdrawn status | Lost status | Source of classification or shelving scheme | Damaged status | Not for loan | Collection code | Home library | Current library | Shelving location | Date acquired | Source of acquisition | Inventory number | Total Checkouts | Full call number | Barcode | Date last seen | Date last checked out | Price effective from | Koha item type |
|---|---|---|---|---|---|---|---|---|---|---|---|---|---|---|---|---|---|---|
| Dewey Decimal Classification | General | Biblioteca Karol Wojtyla | Biblioteca Karol Wojtyla | Sala general | 03/12/2013 | Compra | 151000000000000000038307 | 1 | 973 CLE | 3475 | 08/10/2019 | 20/09/2019 | 03/12/2013 | Libro |